000 01326cam a2200385 a 4500
999 _c4561
_d4561
001 7008140
003 CaAEU
005 20220324103133.0
008 040503s2004 nyua 001 0 eng d
020 _a0743477340
020 _a9780743477345
024 1 _a076714007994
040 _aABG
_cABG
_dOCLCQ
_dBAKER
_dBTCTA
_dAU@
_dOCLCQ
_dUAU
_dAEU
050 1 4 _aRC81
_b.M535 2004
060 4 _aWB 130
_b.M553 2004
082 1 _a610
_222
082 1 _a610
_222
082 1 _a616
_222
082 1 _a616
_222
090 _aWB 130 M553 2004
_bACTBC
245 0 4 _aThe Merck manual of medical information /
_cMark H. Beers, editor-in-chief ; Andrew J. Fletcher ... [et al.].
246 3 0 _aManual of medical information
250 _a2nd home ed., 1st Pocket Books pbk. ed.
260 _aNew York :
_bPocket Books,
_c2004.
300 _alvi, 1767 p. :
_bill. (some col.) ;
_c18 cm.
500 _a"All new and completely revised"--Cover.
500 _aIncludes index.
500 _aOriginally published: Whitehouse Station, NJ : Merck Research Laboratories, c2003.
650 0 _aMedicine, Popular.
650 1 2 _aMedicine.
700 1 _aBeers, Mark H.
700 1 _aFletcher, Andrew J.
942 _2lcc
_cREF
_nDO
949 _hAHSTB-ST-B
_aWB130 .M553 2004
_i00010103628
_d12/17/2014
_e10/3/2014
_n1
_p$10.99
_q2
_u9/8/2009
_mAHS_TBCC